FIFA 22 97+ cards - Statystyki

Ogólne statystyki
  • Ten quiz został rozwiązany 201 razy
  • Średni wynik to 23 z 35
Statystyki odpowiedzi
Piłkarz Karta OVR Narodowość % Poprawnych
Cristiano Ronaldo ShapeShifters 99 Portugalia
100%
CristianoRonaldo TOTY 97 Portugalia
100%
CristianoRonaldo TOTS 97 Portugalia
100%
Lionel Messi ShapeShifters 99 Argentyna
99%
Lionel Messi TOTY 98 Argentyna
99%
Lionel Messi TOTS 97 Argentyna
99%
Pele Icon Moments 99 Brazylia
94%
Pele Icon 98 Brazylia
94%
Kylian Mbappe TOTY 97 Francja
93%
Kylian Mbappe TOTS 97 Francja
93%
Diego Maradona Icon Moments 98 Argentyna
92%
Diego Maradona Icon 97 Argentyna
92%
Robert Lewandowski TOTY 98 Polska
90%
Robert Lewandowski TOTS 97 Polska
90%
MohamedSalah TOTS 97 Egipt
77%
Heung min Son ShapeShifters 97 KoreaPołudniowa
74%
Gareth Bale Premium SBC 98 Walia
70%
ZinedineZidane Icon Moments 97 Francja
69%
Luka Modric TOTS 97 Chorwacja
66%
Karim Benzema TOTS 98 Francja
64%
RonaldoNazario Icon Moments 97 Brazylia
60%
David Ginola Shapeshifters Hero 98 Francja
55%
N'Golo Kanté ShapeShifters 98 Francja
52%
Abedi Pele Shapeshifters Hero 98 Ghana
51%
Ruben Dias TOTY 97 Portugalia
48%
Joshua Kimmich TOTS 97 Niemcy
46%
Ivan Cordoba ShapeShifters Hero 97 Kolumbia
42%
Jorginho TOTY 97 Włochy
41%
Antonio Di Natale ShapeShifters Hero 97 Włochy
34%
Franck Ribéry Shapeshifters 98 Francja
30%
Diego Milito ShapeShifters Hero 97 Argentyna
28%
Rafael Leao TOTS 97 Portugalia
27%
Marcus Rashford ShapeShifters 97 Anglia
25%
Ole Gunnar Solskjer ShapeShifters Hero 97 Norwegia
21%
Marcelo ShapeShifters 97 Brazylia
20%
Nie znaleziono quizów pasujących do podanych kryteriów
Rozkład punktacji
Procent ludzi z każdym wynikiem
Percentyl według liczby udzielonych odpowiedzi
Twoja historia wyników
Nie rozwiązałeś tego quizu